00865cam a2200157 i 450000500170000002000180001708200220003510000220005724500730007926000320015230000160018450400510020050503200025152001140057165000220068520250911143809.0 a978180429465900a335.009 485 OST/R1 aÖstberg, Kjell,14aThe rise and fall of Swedish social democracy /cby Kjell Östberg. a. - Londonb: Versoc, 2024 a296 pages ; aIncludes bibliographical references and index.0 aIntroduction -- Origins -- The Revolutionary Years -- Social Democracy in the Face of Reality -- The Crisis of the 1930s and the Social Democratic Breakthrough -- Harvest Time? -- The 1960s: The People's Home and Its Fractures -- The 1970s: A Socialist Sweden? -- Social Democracy Under Neoliberalism -- Conclusion. a"A comprehensive study of the rise and fall of one of the most influential political movements of our time"-- 0aSocialismzSweden